000 00374pab a2200157 454500
008 180718b1997 xxu||||| |||| 00| 0 eng d
100 _aMukherjee, Sampat
245 _aSome reflections on the current budget
260 _c1997
300 _ap.256-57
362 _aApr
650 _aState budget
650 _aBudget
773 _aManagement Accountant
909 _a33883
999 _c33883
_d33883